<?xml version="1.0" encoding="UTF-8"?>
<marc:record xmlns:marc="http://www.loc.gov/MARC21/slim">
   <marc:leader>00000nam a2200000 a 4500</marc:leader>
   <marc:datafield ind1="1" ind2=" " tag="100">
      <marc:subfield code="a">Mizielinska, Aleksandra</marc:subfield>
      <marc:subfield code="4">aut</marc:subfield>
      <marc:subfield code="e">Verfasser/-in</marc:subfield>
   </marc:datafield>
   <marc:datafield ind1=" " ind2=" " tag="653">
      <marc:subfield code="a">Kinderatlas</marc:subfield>
   </marc:datafield>
   <marc:datafield ind1=" " ind2=" " tag="653">
      <marc:subfield code="a">Weltatlas</marc:subfield>
   </marc:datafield>
   <marc:datafield ind1="0" ind2="0" tag="245">
      <marc:subfield code="a">Alle Welt</marc:subfield>
   </marc:datafield>
   <marc:datafield ind1="0" ind2="0" tag="245">
      <marc:subfield code="b">[das Landkartenbuch]</marc:subfield>
   </marc:datafield>
   <marc:datafield ind1=" " ind2="1" tag="264">
      <marc:subfield code="b">Moritz-Verl.</marc:subfield>
      <marc:subfield code="c">2013</marc:subfield>
   </marc:datafield>
   <marc:datafield ind1="1" ind2=" " tag="520">
      <marc:subfield code="a">Eine grafisch ansprechende Entdeckungsreise durch die Länder der Welt. (ab 6) (JR) Das polnische Designer- und Kinderbuchautorenduo, das Ehepaar Mizielinski, hat nach Kinderbüchern über verrücktes Design, moderne Kunst und ungewöhnliche Architektur einen Kinderatlas gestaltet. Karten von 42 ausgewählten Ländern und 7 Kontinenten vermitteln Kindern geographische Kenntnisse und Reiselust. Egal, ob das dargestellte Land sehr groß ist wie Russland oder eher klein wie Belgien oder Kroatien, immer füllt es eine Doppelseite des Buchs im Moritzverlag. Mehr als 4000 über die Seiten gestreute kleine Zeichnungen vermitteln Land und Leute, Wahrzeichen, Flora und Fauna und oft wenig Bekanntes. Im Falle von Österreich sind dies z.B. Gustav Klimt, die Tiroler Kohlmaisseilbahn, das Eisenbahnviadukt über den Semmering, die Venus von Willendorf, Schneemannbauen, Smaragdeidechse und Kaiserschmarrn. Nur wenige dieser 4 bis 5 cm großen Vignetten sind aber einem speziellen Ort zugeordnet, vieles ist am Bildrand, außerhalb der Länder, zu finden. So mussten auch auf den Deutschlandseiten Goethe und Kant ins Meer vor Ostfriesland verfrachtet werden, um eine gleichmäßige Streuung der Grafiken zu erreichen. Die Lust am Detail und die außergewöhnliche grafische Gestaltung haben ein Buch geschaffen, das man wieder und wieder anschauen kann, bei dem es auch für Erwachsene stets Neues zu entdecken gibt.</marc:subfield>
   </marc:datafield>
   <marc:datafield ind1=" " ind2=" " tag="020">
      <marc:subfield code="a">9783895652707</marc:subfield>
      <marc:subfield code="9">9783895652707</marc:subfield>
   </marc:datafield>
</marc:record>
